000 00543nam a2200205Ia 4500
008 140626s9999 xx 000 0 und d
100 _aLucas, Anne.
245 _aTravel considerations for the cardiac patient /
_cAnne Lucas.
260 _cc2012.
300 _a8 : 7, page 540
440 _aThe Journal for Nurse Practitioners (JNP)
521 _aNUR
650 _aAltitude.
650 _aCardiovascular disease.
650 _aHeart failure.
650 _aRetirement.
650 _aTravel.
650 _aVacation.
942 _cSE
999 _c121427
_d121427